| 000 | 00359nam a2200145Ia 4500 | ||
|---|---|---|---|
| 100 | _aNayar/ H. | ||
| 942 | _cBK | ||
| 654 | _amisconducts by employees | ||
| 245 | _aHow to punish your employees on various misconducts | ||
| 260 |
_bLaw book corporation _aNew Delhi _c1987 |
||
| 082 |
_a351.180954 _bNAY |
||
| 300 | _a46 | ||
| 546 | _aENGLISH | ||
| 999 |
_c21014 _d21014 |
||